[Event "II Open"]
[Site "Cortina d'Ampezzo ITA"]
[Date "2013.09.10"]
[Round "1"]
[White "Buratti, Marco"]
[Black "De Polzer, Manfredi"]
[WhiteElo "1996"]
[BlackElo "1682"]
[Result "1-0"]
[PlyCount "41"]
[EventDate "2013.09.10"]

1. e4 e6 2. Nc3 c5 3. Bc4 a6 4. a4 Nc6 5. d3 Nf6 6. Nge2 d6 7. O-O Be7 8. f4 b6
9. Ng3 Qc7 10. f5 exf5 11. Nxf5 Bxf5 12. Rxf5 Nd4 13. Rf2 O-O 14. Bg5 Qd8 15.
Bxf6 Bxf6 16. Qh5 g6 17. Qh3 b5 18. Bd5 Rb8 19. Raf1 Be5 20. Rxf7 Rxf7 21. Rxf7
1-0

[Event "II Open"]
[Site "Cortina d'Ampezzo ITA"]
[Date "2013.09.10"]
[Round "1"]
[White "Cerusico, Carlo"]
[Black "Senesi, Glauco"]
[WhiteElo "1376"]
[BlackElo "1748"]
[Result "0-1"]
[PlyCount "56"]
[EventDate "2013.09.10"]

1. d4 d5 2. Nf3 Nf6 3. b3 e6 4. Bb2 c5 5. e3 Nc6 6. a3 Be7 7. Bd3 Bd7 8. Nbd2
Qb6 9. O-O c4 10. bxc4 Qxb2 11. c5 e5 12. Nxe5 Nxe5 13. dxe5 Qxe5 14. Nb3 O-O
15. Re1 Qc7 16. c4 dxc4 17. Bxc4 Bxc5 18. Nxc5 Qxc5 19. Qc2 Qe7 20. e4 Rac8 21.
h3 Be6 22. Re3 Rxc4 23. Rc3 Rxc3 24. Qxc3 Nxe4 25. Qe3 Nc5 26. Re1 b6 27. f4
Qf6 28. g4 g6 0-1

[Event "II Open"]
[Site "Cortina d'Ampezzo ITA"]
[Date "2013.09.10"]
[Round "1"]
[White "De Santis, Alessio"]
[Black "Sigillo, Carmelo"]
[WhiteElo "2295"]
[BlackElo "1734"]
[Result "1-0"]
[PlyCount "49"]
[EventDate "2013.09.10"]

1. d4 Nf6 2. c4 c5 3. d5 e6 4. Nc3 exd5 5. cxd5 d6 6. e4 g6 7. f3 Bg7 8. Bg5
O-O 9. Qd2 h6 10. Be3 Re8 11. h4 Kh7 12. Bd3 Nbd7 13. h5 Nxh5 14. g4 Ndf6 15.
gxh5 Nxh5 16. Nge2 Qe7 17. O-O-O f5 18. Rdg1 Qf7 19. Nf4 Nxf4 20. Bxf4 Qf8 21.
Rxh6+ Bxh6 22. Rh1 fxe4 23. Nxe4 Bf5 24. Bxh6 Qf7 25. Ng5+ 1-0

[Event "II Open"]
[Site "Cortina d'Ampezzo ITA"]
[Date "2013.09.10"]
[Round "1"]
[White "Gaspari, Mauro"]
[Black "Masini, Michele"]
[WhiteElo "1983"]
[BlackElo "1659"]
[Result "1-0"]
[PlyCount "67"]
[EventDate "2013.09.10"]

1. c4 Nf6 2. Nc3 g6 3. g3 Bg7 4. Bg2 O-O 5. e4 d6 6. Nge2 e5 7. d3 c6 8. O-O
Ne8 9. Be3 f5 10. f4 Nf6 11. h3 Be6 12. Rc1 fxe4 13. Nxe4 Nxe4 14. dxe4 Qc8 15.
Kh2 exf4 16. Nxf4 Bxb2 17. Rb1 Be5 18. Nxe6 Qxe6 19. Rxf8+ Kxf8 20. Qf1+ Kg8
21. Rxb7 c5 22. h4 Nc6 23. Bh3 Qf6 24. Qxf6 Bxf6 25. Be6+ Kh8 26. Bd5 Nb4 27.
Rxb4 cxb4 28. Bxa8 a5 29. Bf4 a4 30. Bxd6 b3 31. axb3 axb3 32. e5 b2 33. Be4
Bg7 34. c5 1-0

[Event "II Open"]
[Site "Cortina d'Ampezzo ITA"]
[Date "2013.09.10"]
[Round "1"]
[White "Girardelli, Daniel"]
[Black "Caldara, Sisto"]
[WhiteElo "1518"]
[BlackElo "1813"]
[Result "0-1"]
[PlyCount "60"]
[EventDate "2013.09.10"]

1. e4 c5 2. Bc4 e6 3. Nc3 a6 4. a4 Nc6 5. Nf3 Nge7 6. d4 cxd4 7. Nxd4 g6 8. O-O
Bg7 9. Be3 O-O 10. f4 Qb6 11. Nce2 Qc7 12. Rb1 Nxd4 13. Bxd4 Qxc4 14. Bxg7 Kxg7
15. Qd4+ Qxd4+ 16. Nxd4 b6 17. b4 Bb7 18. Rfe1 Rac8 19. Rb2 Rc4 20. Rd1 Bxe4
21. Kf2 Rfc8 22. Rd2 Nd5 23. g4 Nxb4 24. Nf3 Nd5 25. Ne5 Rxa4 26. Nxd7 b5 27.
Rxd5 Bxd5 28. Nb6 Rxf4+ 29. Ke1 Rc3 30. Nxd5 exd5 0-1

[Event "II Open"]
[Site "Cortina d'Ampezzo ITA"]
[Date "2013.09.10"]
[Round "1"]
[White "Gulinelli, Euro"]
[Black "Velluti, Alberto"]
[WhiteElo "1594"]
[BlackElo "1923"]
[Result "0-1"]
[PlyCount "76"]
[EventDate "2013.09.10"]

1. e4 e5 2. Nf3 Nc6 3. Bb5 a6 4. Ba4 Nf6 5. O-O Be7 6. Re1 b5 7. Bb3 O-O 8. d3
d6 9. Nbd2 Bg4 10. h3 Bh5 11. g4 Bg6 12. Nh4 Nd4 13. Nxg6 hxg6 14. c3 Nxb3 15.
Qxb3 Nd7 16. d4 Bg5 17. Nf3 Bxc1 18. Raxc1 Qf6 19. Re3 c5 20. dxe5 dxe5 21. Rd1
Nb6 22. Qc2 Rad8 23. Rxd8 Rxd8 24. Rd3 Rxd3 25. Qxd3 c4 26. Qe3 Na4 27. b3 Nb2
28. Kg2 Nd3 29. bxc4 bxc4 30. Nd2 Qc6 31. Qg5 f6 32. Qe3 Qa4 33. g5 Qxa2 34.
gxf6 gxf6 35. Kf3 Nf4 36. Kg4 Qa4 37. Qa7 Qe8 38. Qxa6 Qd7+ 0-1

[Event "II Open"]
[Site "Cortina d'Ampezzo ITA"]
[Date "2013.09.10"]
[Round "1"]
[White "Kofler, Albin"]
[Black "Di Cicco, Daniela"]
[WhiteElo "1757"]
[BlackElo "1422"]
[Result "1-0"]
[PlyCount "69"]
[EventDate "2013.09.10"]

1. d4 d5 2. e4 e6 3. c4 dxe4 4. Nc3 Nf6 5. Bg5 Be7 6. f3 exf3 7. Nxf3 h6 8. Bh4
Nbd7 9. Bd3 b6 10. O-O Bb7 11. Ne5 a6 12. Kh1 Rc8 13. Qa4 c6 14. Rad1 Qc7 15.
Bg3 Bd6 16. Nxd7 Qxd7 17. Be5 Qe7 18. Bb1 O-O 19. Qc2 Bxe5 20. dxe5 g6 21. exf6
Qc7 22. Qe2 c5 23. Be4 Kh7 24. Bxb7 Qxb7 25. Qe4 Qc7 26. Rd3 Rh8 27. Rfd1 Rcd8
28. h4 Rxd3 29. Rxd3 Kg8 30. Ne2 h5 31. Qf4 Qc8 32. Qd6 Qb7 33. Qe7 Qe4 34.
Rd8+ Kh7 35. Qxf7+ 1-0

[Event "II Open"]
[Site "Cortina d'Ampezzo ITA"]
[Date "2013.09.10"]
[Round "1"]
[White "Maddaloni, Giovanni"]
[Black "Bender, Dirk"]
[WhiteElo "1709"]
[BlackElo "2046"]
[Result "0-1"]
[PlyCount "90"]
[EventDate "2013.09.10"]

1. e4 c5 2. Nc3 g6 3. Bc4 Bg7 4. d3 Nc6 5. Nge2 e6 6. O-O Nge7 7. a3 O-O 8. f4
a6 9. Ng3 b5 10. Ba2 d6 11. Kh1 Rb8 12. Be3 b4 13. axb4 cxb4 14. Na4 Bd7 15. b3
Nd4 16. Nb2 d5 17. e5 Nec6 18. Na4 Qe7 19. Qd2 f6 20. exf6 Bxf6 21. Rae1 Rfc8
22. f5 Nxf5 23. Nxf5 gxf5 24. Bc5 Qf7 25. d4 Rb7 26. Bb1 Kh8 27. Rf3 Rg8 28.
Nb2 Rg4 29. c3 bxc3 30. Rxc3 Nxd4 31. b4 Nc6 32. Ra3 a5 33. Nd3 axb4 34. Ra8+
Rg8 35. Rxg8+ Qxg8 36. Nf4 Bc3 37. Qe3 Bxe1 38. Qxe1 e5 39. Nh3 Be6 40. Bd6 Qg7
41. Ng1 d4 42. Nf3 Bd5 43. Bxf5 b3 44. Bb1 b2 45. Nh4 Qg5 0-1

[Event "II Open"]
[Site "Cortina d'Ampezzo ITA"]
[Date "2013.09.10"]
[Round "1"]
[White "Montalbini, Ezio"]
[Black "Mancin, Michele"]
[WhiteElo "1426"]
[BlackElo "1772"]
[Result "0-1"]
[PlyCount "120"]
[EventDate "2013.09.10"]

1. e4 c5 2. Nf3 d6 3. c3 Nf6 4. d3 Nc6 5. Be2 g6 6. Nbd2 Bg7 7. h3 O-O 8. Nb3
a6 9. Qc2 b5 10. a3 Bb7 11. Be3 Rc8 12. Rd1 b4 13. Ra1 a5 14. a4 bxc3 15. bxc3
Nd7 16. Rb1 Ba8 17. Qd2 Nb6 18. Bh6 Nxa4 19. Bxg7 Kxg7 20. O-O Nb6 21. c4 Nd7
22. d4 Nb4 23. dxc5 Nxc5 24. Qd4+ Kg8 25. Nxc5 dxc5 26. Qe3 Qc7 27. Ng5 a4 28.
Bg4 Rce8 29. Rfd1 Nc2 30. Qf3 Nd4 31. Qa3 h5 32. Bf3 Qf4 33. Qe3 Qxe3 34. fxe3
Nc2 35. Rd3 Nb4 36. Ra3 Bc6 37. e5 Bxf3 38. gxf3 Ra8 39. Ne4 Nc6 40. f4 Ra5 41.
Rba1 Rfa8 42. Kf2 Nb4 43. Rg1 Kf8 44. Rg5 Rd8 45. f5 Nd3+ 46. Kg3 Nxe5 47. fxg6
Nxg6 48. Rxh5 Kg7 49. Rxc5 Rxc5 50. Nxc5 Rc8 51. Nd3 Rxc4 52. Kf3 f6 53. Nb2
Ne5+ 54. Kg3 Rc2 55. Nxa4 Nc4 56. Rd3 Ra2 57. Nc3 Ra3 58. Kf4 Ne5 59. Ke4 Nxd3
60. Kxd3 Kh6 0-1

[Event "II Open"]
[Site "Cortina d'Ampezzo ITA"]
[Date "2013.09.10"]
[Round "1"]
[White "Obersteiner, Stefan"]
[Black "Ravagnani, Tiziano"]
[WhiteElo "1679"]
[BlackElo "1984"]
[Result "1-0"]
[PlyCount "79"]
[EventDate "2013.09.10"]

1. d4 Nf6 2. c4 g6 3. Nc3 d5 4. e3 Bg7 5. Nf3 O-O 6. cxd5 Nxd5 7. Be2 c5 8. e4
Nxc3 9. bxc3 Nc6 10. Be3 Qa5 11. O-O Rd8 12. d5 Bxc3 13. Rc1 b6 14. Qb3 Nd4 15.
Nxd4 cxd4 16. Bh6 Ba6 17. Bxa6 Qxa6 18. Rxc3 dxc3 19. Qxc3 f6 20. Qb3 Rd6 21.
Bf4 Rd7 22. Bh6 Rc8 23. Qh3 Rd6 24. Bf4 e5 25. dxe6 Rd3 26. Qh4 Qxa2 27. Qxf6
Rf8 28. Qe5 Qa5 29. e7 Re8 30. Qe6+ Kg7 31. Be5+ Kh6 32. Qf6 Kh5 33. g3 g5 34.
Qf7+ Kg4 35. Qf5+ Kh5 36. Qxh7+ Kg4 37. Qf5+ Kh5 38. g4+ Kh6 39. Qf6+ Kh7 40.
Qg7# 1-0

[Event "II Open"]
[Site "Cortina d'Ampezzo ITA"]
[Date "2013.09.10"]
[Round "1"]
[White "Tomio, Dante"]
[Black "De Val, Tarcisio"]
[WhiteElo "1882"]
[BlackElo "1589"]
[Result "1-0"]
[PlyCount "65"]
[EventDate "2013.09.10"]

1. d4 g6 2. c4 Bg7 3. Nc3 Nf6 4. e4 d6 5. Nf3 O-O 6. Be2 b6 7. O-O Bb7 8. Qc2
Re8 9. Rd1 Qc8 10. h3 Na6 11. a3 c5 12. d5 Nc7 13. Bf4 Rd8 14. Qd2 a6 15. a4
Nce8 16. Bg5 Nd7 17. Bxe7 Ndf6 18. Bxd8 Qxd8 19. Bd3 Nd7 20. Re1 Ne5 21. Nxe5
Bxe5 22. Qe2 Bc8 23. Qf3 Qg5 24. Bf1 Nf6 25. Rab1 Bd7 26. g3 Nh5 27. h4 Qh6 28.
Bg2 Rf8 29. Nd1 f5 30. Qe3 f4 31. Qd2 Bd4 32. Kh1 Nxg3+ 33. fxg3 1-0

[Event "II Open"]
[Site "Cortina d'Ampezzo ITA"]
[Date "2013.09.11"]
[Round "2"]
[White "Bender, Dirk"]
[Black "Zangrando, Gianpietro"]
[WhiteElo "2046"]
[BlackElo "1811"]
[Result "1-0"]
[PlyCount "76"]
[EventDate "2013.09.10"]

1. c4 f5 2. g3 Nf6 3. Bg2 e5 4. e3 Nc6 5. Ne2 Be7 6. Nbc3 O-O 7. d3 d6 8. O-O
Be6 9. Nd5 Rb8 10. a3 Qd7 11. Nec3 a6 12. d4 Nd8 13. b4 c6 14. Nxe7+ Qxe7 15.
d5 Bf7 16. Bb2 Nd7 17. Rc1 c5 18. e4 Bg6 19. exf5 Bxf5 20. Ne4 b6 21. Re1 Nf7
22. f4 Rbe8 23. Bc3 Qd8 24. bxc5 bxc5 25. Qd2 Nf6 26. Ba5 Nxe4 27. Bxe4 Qd7 28.
Bc3 Bxe4 29. Rxe4 Qa4 30. Bb2 Re7 31. Rce1 Rfe8 32. fxe5 Nxe5 33. Bxe5 Rxe5 34.
Rxe5 dxe5 35. d6 Qxc4 36. d7 Rd8 37. Rxe5 Kf7 38. Qf2+ Kg8 1-0

[Event "II Open"]
[Site "Cortina d'Ampezzo ITA"]
[Date "2013.09.11"]
[Round "2"]
[White "Caldara, Sisto"]
[Black "De Santis, Alessio"]
[WhiteElo "1813"]
[BlackElo "2295"]
[Result "0-1"]
[PlyCount "94"]
[EventDate "2013.09.10"]

1. d4 Nf6 2. c4 c5 3. d5 b5 4. cxb5 a6 5. b6 Qxb6 6. Nc3 g6 7. e4 d6 8. Be2 Bg7
9. Nf3 O-O 10. Nd2 Bd7 11. Nc4 Qb7 12. a4 a5 13. O-O Na6 14. f4 Nb4 15. Bf3 Qa6
16. Be2 Bg4 17. Nb5 Bxe2 18. Qxe2 Qb7 19. Bd2 Ne8 20. f5 Nc7 21. Nc3 Nc2 22.
Bh6 Nd4 23. Qd2 Qa6 24. Bxg7 Kxg7 25. Ne3 f6 26. fxg6 hxg6 27. Rae1 Rh8 28. g4
Raf8 29. Nc2 Qc8 30. Ne3 Rh3 31. Rf2 Rfh8 32. Ref1 R8h4 33. Ne2 Nxe2+ 34. Qxe2
Qh8 35. Rd1 Qh6 36. Nf1 Qg5 37. Rg2 Rb3 38. Rd2 Rb4 39. h3 Rxh3 40. Ng3 Rxa4
41. Nf5+ Kf7 42. Ng3 Rb4 43. Rd3 Nb5 44. Qf1 Nd4 45. e5 Qxe5 46. Ne2 Rxd3 47.
Nf4 Nf3+ 0-1

[Event "II Open"]
[Site "Cortina d'Ampezzo ITA"]
[Date "2013.09.11"]
[Round "2"]
[White "De Polzer, Manfredi"]
[Black "Di Cicco, Daniela"]
[WhiteElo "1682"]
[BlackElo "1422"]
[Result "1-0"]
[PlyCount "81"]
[EventDate "2013.09.10"]

1. e4 e6 2. d4 d5 3. Nd2 dxe4 4. Nxe4 Nd7 5. Nf3 h6 6. Bd2 Ngf6 7. Bd3 Nxe4 8.
Bxe4 Nf6 9. Bd3 Be7 10. Qe2 O-O 11. O-O Rb8 12. c4 b6 13. Rfd1 Bb7 14. a3 Re8
15. Bc3 c5 16. dxc5 Qc7 17. Be5 Qxc5 18. Bxb8 Rxb8 19. b4 Qc7 20. Rac1 Bd6 21.
g3 Rd8 22. Nd2 Qb8 23. Ne4 Be5 24. Nxf6+ Bxf6 25. Be4 Bxe4 26. Qxe4 Bb2 27.
Rxd8+ Qxd8 28. Rb1 Bf6 29. Qf3 Qc8 30. Qd3 Be7 31. Rd1 g6 32. Qd7 Qxd7 33. Rxd7
Kf8 34. Rxa7 Bd8 35. Rb7 Ke8 36. a4 g5 37. g4 e5 38. c5 bxc5 39. bxc5 Ba5 40.
c6 Bd8 41. c7 1-0

[Event "II Open"]
[Site "Cortina d'Ampezzo ITA"]
[Date "2013.09.11"]
[Round "2"]
[White "Kofler, Albin"]
[Black "Gaspari, Mauro"]
[WhiteElo "1757"]
[BlackElo "1983"]
[Result "0-1"]
[PlyCount "53"]
[EventDate "2013.09.10"]

1. d4 g6 2. c4 Nf6 3. Nc3 Bg7 4. e4 d6 5. Nf3 O-O 6. Be2 Na6 7. O-O c5 8. d5
Nc7 9. Rb1 Rb8 10. Bg5 h6 11. Bh4 a6 12. Bg3 Nh5 13. Nh4 Nxg3 14. hxg3 b5 15.
Bd3 e6 16. Qc2 exd5 17. exd5 bxc4 18. Bxc4 Bb7 19. Rfd1 Re8 20. Ne4 f5 21. Nxc5
dxc5 22. d6+ Ne6 23. Nxg6 Be4 24. Qe2 Kh7 25. d7 Nd4 26. Rxd4 Bxd4 27. Re1 0-1

[Event "II Open"]
[Site "Cortina d'Ampezzo ITA"]
[Date "2013.09.11"]
[Round "2"]
[White "Mancin, Michele"]
[Black "Buratti, Marco"]
[WhiteElo "1772"]
[BlackElo "1996"]
[Result "1-0"]
[PlyCount "83"]
[EventDate "2013.09.10"]

1. e4 e5 2. Nf3 Nc6 3. Bb5 Qe7 4. O-O Nd8 5. c3 c6 6. Ba4 d6 7. h3 g5 8. d4 f6
9. dxe5 dxe5 10. b4 h5 11. Nh2 Qh7 12. Qd3 Ne7 13. b5 Be6 14. c4 Ng6 15. Nc3
Bc5 16. bxc6 bxc6 17. Nd5 O-O 18. Nc3 Bd4 19. Rb1 Qf7 20. Bb3 c5 21. Nd5 Rb8
22. Bd2 Nc6 23. Qe2 Nf4 24. Bxf4 exf4 25. Nf3 g4 26. Nh4 Be5 27. Nf5 Qh7 28.
hxg4 Nd4 29. Nxd4 hxg4 30. g3 fxg3 31. fxg3 Bxd4+ 32. Ne3 Qxe4 33. Kf2 f5 34.
Bc2 Bxe3+ 35. Qxe3 Qxc2+ 36. Kg1 Qe4 37. Qg5+ Kf7 38. Qh5+ Ke7 39. Qg5+ Kd7 40.
Rfd1+ Kc7 41. Qe7+ Kc8 42. Qxf8+ 1-0

[Event "II Open"]
[Site "Cortina d'Ampezzo ITA"]
[Date "2013.09.11"]
[Round "2"]
[White "Masini, Michele"]
[Black "Cerusico, Carlo"]
[WhiteElo "1659"]
[BlackElo "1376"]
[Result "0-1"]
[PlyCount "58"]
[EventDate "2013.09.10"]

1. d4 d5 2. c4 e6 3. Nc3 Nf6 4. Bg5 Be7 5. e3 b6 6. Bd3 Bb7 7. f3 a6 8. Nge2
O-O 9. O-O Re8 10. Rc1 dxc4 11. a3 Nbd7 12. Bxc4 Nd5 13. Bxe7 Qxe7 14. Qd3 b5
15. Ba2 c5 16. e4 c4 17. Qd2 Nxc3 18. Rxc3 Rad8 19. Bb1 Ne5 20. Qc2 Nd3 21. e5
Qg5 22. b3 Qe3+ 23. Kh1 Nf2+ 24. Rxf2 Qxf2 25. Qxh7+ Kf8 26. Qc2 Bd5 27. bxc4
Bxc4 28. Ng1 Qxd4 29. h4 Qxe5 0-1

[Event "II Open"]
[Site "Cortina d'Ampezzo ITA"]
[Date "2013.09.11"]
[Round "2"]
[White "Ravagnani, Tiziano"]
[Black "Gulinelli, Euro"]
[WhiteElo "1984"]
[BlackElo "1594"]
[Result "1-0"]
[PlyCount "41"]
[EventDate "2013.09.10"]

1. e4 c6 2. d4 d5 3. e5 c5 4. Nf3 Bg4 5. c4 e6 6. cxd5 exd5 7. Nc3 c4 8. h3
Bxf3 9. Qxf3 Bb4 10. Bd2 Ne7 11. a3 Ba5 12. Qg4 O-O 13. f4 Qd7 14. Be2 Rd8 15.
O-O Nf5 16. Bd1 Nxd4 17. f5 Nb3 18. Bxb3 Bb6+ 19. Kh1 cxb3 20. e6 fxe6 21. fxe6
1-0

[Event "II Open"]
[Site "Cortina d'Ampezzo ITA"]
[Date "2013.09.11"]
[Round "2"]
[White "Senesi, Glauco"]
[Black "Tomio, Dante"]
[WhiteElo "1748"]
[BlackElo "1882"]
[Result "1/2-1/2"]
[PlyCount "102"]
[EventDate "2013.09.10"]

1. d4 d5 2. Nf3 Nf6 3. e3 Bg4 4. Nbd2 e6 5. Bd3 Bd6 6. c3 O-O 7. Qc2 Nbd7 8.
O-O c5 9. b3 Rc8 10. Bb2 a6 11. a4 e5 12. dxe5 Nxe5 13. Nxe5 Bxe5 14. f4 Bb8
15. Nf3 c4 16. bxc4 dxc4 17. Bf5 Bxf5 18. Qxf5 Qb6 19. Bc1 Rc5 20. Qc2 Rh5 21.
Nd4 Re8 22. Rb1 Qc7 23. Rf3 Ne4 24. Ne2 Ba7 25. Ng3 Nxg3 26. Rxg3 Qxf4 27. Qd1
Qh6 28. h3 b5 29. Qd7 Ra8 30. Qb7 Rd8 31. Qxa7 Rd1+ 32. Kh2 g6 33. Qa8+ Kg7 34.
Qf3 Rd3 35. e4 g5 36. Qg4 Qd6 37. axb5 axb5 38. Rxb5 h6 39. Rd5 Rxd5 40. exd5
Qg6 41. Qd4+ Kh7 42. Qxc4 Rh4 43. Qd3 Re4 44. Rg4 f5 45. Rxe4 fxe4 46. Qe3 Qd6+
47. Kh1 Qxd5 48. h4 Qd1+ 49. Qg1 Qg4 50. hxg5 Qh4+ 51. Qh2 Qe1+ 1/2-1/2

[Event "II Open"]
[Site "Cortina d'Ampezzo ITA"]
[Date "2013.09.11"]
[Round "2"]
[White "Sigillo, Carmelo"]
[Black "De Val, Tarcisio"]
[WhiteElo "1734"]
[BlackElo "1589"]
[Result "1-0"]
[PlyCount "49"]
[EventDate "2013.09.10"]

1. e4 e5 2. Nf3 Nc6 3. Bb5 a6 4. Ba4 Nf6 5. O-O b5 6. Bb3 d6 7. h3 Na5 8. Re1
Nxb3 9. axb3 Be7 10. d4 Nd7 11. Nc3 Bb7 12. d5 O-O 13. b4 Nb6 14. Ne2 c6 15.
dxc6 Bxc6 16. Ng3 Re8 17. Nf5 Bf8 18. Ra3 d5 19. exd5 Bxd5 20. Rd3 e4 21. Rde3
Bxb4 22. c3 Bc5 23. N3d4 g6 24. Rg3 Bxd4 25. Qxd4 1-0

[Event "II Open"]
[Site "Cortina d'Ampezzo ITA"]
[Date "2013.09.11"]
[Round "2"]
[White "Velluti, Alberto"]
[Black "Obersteiner, Stefan"]
[WhiteElo "1923"]
[BlackElo "1679"]
[Result "0-1"]
[PlyCount "96"]
[EventDate "2013.09.10"]

1. e4 c5 2. Nf3 Nc6 3. d4 cxd4 4. Nxd4 d6 5. Be3 Nf6 6. Nc3 e6 7. Bb5 Bd7 8.
O-O a6 9. Bd3 Be7 10. f4 Nb4 11. Be2 O-O 12. Qd2 Nc6 13. Rad1 Rc8 14. Nb3 Be8
15. Bf3 Qc7 16. Na4 b5 17. Nc3 h6 18. Ne2 Nd7 19. c3 Nb6 20. Qc2 Nc4 21. Bf2 b4
22. Nbd4 bxc3 23. Nxc6 Bxc6 24. Nxc3 Bf6 25. Rc1 Qb7 26. b3 Nb6 27. Qd2 Rfd8
28. Qe3 Nd7 29. Rfe1 Be7 30. Ne2 e5 31. f5 Bg5 32. Qd3 Bxc1 33. Rxc1 Nf6 34.
Bh4 Bb5 35. Qe3 Bxe2 36. Rxc8 Rxc8 37. Qxe2 Qb6+ 38. Kf1 Rc1+ 39. Be1 Qc6 40.
Qd2 Rc2 41. Qa5 Nxe4 42. Bxe4 Qxe4 43. Qxa6 Qxf5+ 44. Kg1 Qg6 45. Qa8+ Kh7 46.
a4 Qd3 47. Qb7 Qe3+ 48. Kf1 Qe2+ 0-1

[Event "II Open"]
[Site "Cortina d'Ampezzo ITA"]
[Date "2013.09.11"]
[Round "3"]
[White "Buratti, Marco"]
[Black "Kofler, Albin"]
[WhiteElo "1996"]
[BlackElo "1757"]
[Result "1-0"]
[PlyCount "95"]
[EventDate "2013.09.10"]

1. e4 c6 2. d4 d5 3. exd5 cxd5 4. Bd3 Nf6 5. h3 Nc6 6. c3 e6 7. Nf3 Bd6 8. O-O
O-O 9. Re1 Bd7 10. Ne5 Ne7 11. Bg5 Ng6 12. Nd2 Be7 13. Ndf3 Bc6 14. Qe2 Ne4 15.
Nxc6 bxc6 16. Bxe7 Nxe7 17. Bxe4 dxe4 18. Qxe4 Qd5 19. Ne5 Qxe4 20. Rxe4 Rfd8
21. f4 Rac8 22. Nd3 Nf5 23. g4 Nd6 24. Re5 Rb8 25. Rc5 Rdc8 26. Re1 Rb5 27.
Ree5 Rxc5 28. Rxc5 Nb7 29. Rc4 Nd6 30. Ra4 Rc7 31. Kf2 Kf8 32. Nc5 Ke7 33. Ke3
h6 34. Rb4 g5 35. Rb8 Kf6 36. Ne4+ Nxe4 37. Kxe4 c5 38. fxg5+ hxg5 39. a4 cxd4
40. Kxd4 Rd7+ 41. Ke4 Rc7 42. a5 Rc5 43. a6 Rc6 44. b4 Rxc3 45. b5 Rc5 46. b6
Re5+ 47. Kf3 axb6 48. a7 1-0

[Event "II Open"]
[Site "Cortina d'Ampezzo ITA"]
[Date "2013.09.11"]
[Round "3"]
[White "Cerusico, Carlo"]
[Black "Caldara, Sisto"]
[WhiteElo "1376"]
[BlackElo "1813"]
[Result "1/2-1/2"]
[PlyCount "65"]
[EventDate "2013.09.10"]

1. d4 f5 2. b3 Nf6 3. Bb2 g6 4. Nf3 Bg7 5. e3 d6 6. Bd3 O-O 7. O-O Qe8 8. Nbd2
Kh8 9. c4 Nbd7 10. Re1 e5 11. dxe5 dxe5 12. e4 f4 13. b4 a5 14. a3 h6 15. c5 g5
16. h3 Nh5 17. Nh2 Ndf6 18. Be2 Bd7 19. Bf3 Ba4 20. Qc1 Nd7 21. Bd1 Bxd1 22.
Rxd1 c6 23. Nc4 Qe7 24. Nxa5 Rxa5 25. Rxd7 Qxd7 26. bxa5 Rd8 27. Nf3 Qc7 28.
Bc3 Bf6 29. Qb2 Re8 30. Rd1 Re6 31. Qb6 Qh7 32. Qb1 Qc7 33. Qb6 1/2-1/2

[Event "II Open"]
[Site "Cortina d'Ampezzo ITA"]
[Date "2013.09.11"]
[Round "3"]
[White "De Santis, Alessio"]
[Black "Mancin, Michele"]
[WhiteElo "2295"]
[BlackElo "1772"]
[Result "1-0"]
[PlyCount "31"]
[EventDate "2013.09.10"]

1. Nf3 Nf6 2. c4 e6 3. Nc3 d5 4. e3 c6 5. b3 Be7 6. Bb2 O-O 7. Qc2 Nbd7 8. Ng5
a6 9. a4 Qc7 10. Rc1 dxc4 11. Bxc4 Ne5 12. Be2 g6 13. f4 Ned7 14. h4 b5 15. h5
Nxh5 16. Rxh5 1-0

[Event "II Open"]
[Site "Cortina d'Ampezzo ITA"]
[Date "2013.09.11"]
[Round "3"]
[White "De Val, Tarcisio"]
[Black "Montalbini, Ezio"]
[WhiteElo "1589"]
[BlackElo "1426"]
[Result "1-0"]
[PlyCount "75"]
[EventDate "2013.09.10"]

1. e4 e5 2. Nf3 Nc6 3. Bb5 a6 4. Ba4 Nf6 5. O-O d6 6. Re1 Bd7 7. c3 b5 8. Bb3
Bg4 9. d3 Bxf3 10. Qxf3 Na5 11. Bc2 Qd7 12. Nd2 c5 13. d4 cxd4 14. cxd4 Nc6 15.
Nb3 a5 16. d5 Nb4 17. Bd3 Nxd3 18. Qxd3 Be7 19. Bd2 b4 20. a3 O-O 21. axb4 a4
22. Na5 Nh5 23. Nc6 Bf6 24. b5 Qg4 25. Ra3 Nf4 26. Qf3 Qxf3 27. Rxf3 g5 28.
Bxf4 gxf4 29. Ra3 h5 30. Rea1 Kh7 31. Rxa4 Rae8 32. Kf1 Bd8 33. Rb4 Bb6 34. Ra6
Bc5 35. Rb3 Ra8 36. Rxa8 Rxa8 37. b6 Ra6 38. b7 1-0

[Event "II Open"]
[Site "Cortina d'Ampezzo ITA"]
[Date "2013.09.11"]
[Round "3"]
[White "Di Cicco, Daniela"]
[Black "Girardelli, Daniel"]
[WhiteElo "1422"]
[BlackElo "1518"]
[Result "0-1"]
[PlyCount "62"]
[EventDate "2013.09.10"]

1. d4 d5 2. Nf3 Nf6 3. b3 Nc6 4. Bb2 Bf5 5. e3 e6 6. Be2 Bd6 7. Nbd2 Ne4 8. O-O
O-O 9. c3 Qf6 10. a3 Qg6 11. Kh1 Qh6 12. Nxe4 dxe4 13. Ne5 Nxe5 14. dxe5 Bxe5
15. g3 Rad8 16. Qe1 Rd6 17. Rg1 Rfd8 18. Rd1 Rxd1 19. Bxd1 Qf6 20. f4 exf3 21.
Bxf3 b6 22. e4 Bh3 23. Bg2 Bxg2+ 24. Rxg2 Qf3 25. Kg1 Rd1 26. Re2 Rxe1+ 27.
Rxe1 h6 28. Bc1 Bxc3 29. Re3 Qd1+ 30. Kf2 Qxc1 31. Rxc3 Qxc3 0-1

[Event "II Open"]
[Site "Cortina d'Ampezzo ITA"]
[Date "2013.09.11"]
[Round "3"]
[White "Gaspari, Mauro"]
[Black "Bender, Dirk"]
[WhiteElo "1983"]
[BlackElo "2046"]
[Result "0-1"]
[PlyCount "62"]
[EventDate "2013.09.10"]

1. c4 c5 2. g3 g6 3. Bg2 Bg7 4. Nf3 Nc6 5. e3 e6 6. O-O Nge7 7. d4 cxd4 8. exd4
d5 9. c5 Nf5 10. Be3 Nxe3 11. fxe3 O-O 12. Nc3 Bh6 13. Re1 Ne7 14. b4 Nf5 15.
Qd3 a6 16. a4 Bd7 17. Ra2 Qe8 18. e4 dxe4 19. Rxe4 Qd8 20. g4 Nh4 21. Nxh4 Qxh4
22. d5 exd5 23. Nxd5 Be6 24. Rae2 Rad8 25. Rc4 Qg5 26. h4 Qxh4 27. Re5 Bg7 28.
g5 Qh5 29. Qg3 Bxd5 30. Bxd5 Bxe5 31. Qxe5 Qd1+ 0-1

[Event "II Open"]
[Site "Cortina d'Ampezzo ITA"]
[Date "2013.09.11"]
[Round "3"]
[White "Maddaloni, Giovanni"]
[Black "Velluti, Alberto"]
[WhiteElo "1709"]
[BlackElo "1923"]
[Result "0-1"]
[PlyCount "56"]
[EventDate "2013.09.10"]

1. e4 e5 2. Nf3 Nc6 3. Bb5 a6 4. Ba4 Nf6 5. O-O Be7 6. Re1 b5 7. Bb3 O-O 8. a4
Bb7 9. d3 d6 10. Nbd2 Nd7 11. c3 Nc5 12. Bc2 Nxa4 13. Nf1 Nb6 14. Ne3 d5 15.
Nf5 dxe4 16. Rxe4 Bf6 17. Rg4 Bc8 18. d4 exd4 19. cxd4 Nc4 20. Qd3 g6 21. Nh6+
Kh8 22. Ng5 Nd6 23. Rg3 Nb4 24. Qb3 Nxc2 25. Qxc2 Bg7 26. Ng4 Bf5 27. Qc5 h6
28. Nf3 Ne4 0-1

[Event "II Open"]
[Site "Cortina d'Ampezzo ITA"]
[Date "2013.09.11"]
[Round "3"]
[White "Masini, Michele"]
[Black "De Polzer, Manfredi"]
[WhiteElo "1659"]
[BlackElo "1682"]
[Result "1/2-1/2"]
[PlyCount "146"]
[EventDate "2013.09.10"]

1. d4 d5 2. c4 e6 3. Nc3 Nf6 4. Bg5 Nbd7 5. e3 Be7 6. Bd3 dxc4 7. Bxc4 c6 8.
Nge2 O-O 9. O-O Re8 10. Rc1 Nf8 11. a3 Qa5 12. Bh4 b5 13. Ba2 Bb7 14. Bb1 Ng6
15. Bxf6 Bxf6 16. Ne4 Be7 17. Nc5 Qc7 18. Nxb7 Qxb7 19. Qc2 Rac8 20. Nf4 Qd7
21. g3 Nf8 22. Qe4 Bd6 23. Rc2 e5 24. Nd3 f5 25. Qg2 e4 26. Nc5 Bxc5 27. Rxc5
Kh8 28. Rfc1 Ng6 29. f3 exf3 30. Qxf3 Ne7 31. Bxf5 Nxf5 32. Rxf5 Kg8 33. Rf1
Qd6 34. Rf7 a5 35. Qg4 Qh6 36. Rd7 Qxe3+ 37. Kg2 Qe4+ 38. Qxe4 Rxe4 39. Rff7
Rg4 40. h3 Rg6 41. g4 h5 42. Kg3 hxg4 43. hxg4 Rf8 44. Rxf8+ Kxf8 45. Kf4 Rf6+
46. Ke5 Rg6 47. Rc7 Rxg4 48. Rxc6 Kf7 49. d5 Rg2 50. d6 Re2+ 51. Kd5 Rd2+ 52.
Kc5 Ke6 53. Kxb5 Rxd6 54. Rc8 Rd5+ 55. Kc4 Rd1 56. Ra8 g5 57. Rxa5 Kf6 58. b4
g4 59. Ra8 Ke5 60. a4 Ke4 61. Re8+ Kf3 62. a5 g3 63. a6 Rd7 64. b5 Rg7 65. Re1
g2 66. b6 g1=Q 67. Rxg1 Rxg1 68. b7 Ke4 69. b8=Q Rc1+ 70. Kb5 Rb1+ 71. Kc6 Rxb8
72. a7 Rh8 73. Kb7 Kd4 1/2-1/2